000 00589nam a2200181Ia 4500
003 IN-BaIIA
008 211028s9999 xx 000 0 eng d
040 _cIIA Library
080 _a52(091)
_bSHA
245 0 _aSource book in astronomy 1900-1950
_cedited by Harlow Shapley
260 _aCambridge
_bHarvard University Press
_c1960
300 _axv, 423p.
650 _aAstronomy and Astrophysics Thesaurus
650 _aAstronomy-History
_9900
650 _aAstrophysics
_9794
700 _aShapley, Harlow, ed.
_93780
942 _cBK
999 _c2003
_d2003